Адгезионные и механические свойства биосовместимых оксинитридных покрытий; Материаловедение; № 6

Λεπτομέρειες βιβλιογραφικής εγγραφής
Parent link:Материаловедение=Inorganic Materials: Applied Research: научно-технический журнал.— 1684-579X
№ 6.— 2021.— С. 3-8
Κύριος συγγραφέας: Бойцова Е. Л. Елена Львовна
Περίληψη:Заглавие с экрана
Исследована текстура оксинитридных (TiNxOy) биосовместимых покрытий. Проведенное профилометрическое измерение шероховатости пленки позволило отнести изучаемое биопокрытие к 7 классу шероховатости. Представлены результаты исследования адгезии методом склерометрии покрытий на основе Тi, формируемых магнетронным распылением в условиях осаждения с одновременным допированием азотом. Обнаружено, что максимальная адгезия реализуется при увеличенном содержании азота в покрытии, прочность сцепления пленки со стальной подложкой составляет 371 MПа
The texture of oxynitride (TiNxOy) biocompatible coatings is investigated. The profilometric measurement of the roughness of the film makes it possible to attribute the studied biocoating to class 7 of roughness. The results of a sclerometric study of adhesion of Ti-based coatings formed by magnetron sputtering under conditions of simultaneous doping with nitrogen are presented. It is found that the maximum adhesion is achieved with increased nitrogen content in the coating; the strength of cohesion of the film to the steel substrate is 371 MPa
Текстовый файл
AM_Agreement
Γλώσσα:Ρωσικά
Έκδοση: 2021
Θέματα:
Διαθέσιμο Online:https://www.elibrary.ru/item.asp?id=46174826
Переводная версия
Μορφή: MixedMaterials Ηλεκτρονική πηγή Κεφάλαιο βιβλίου
KOHA link:https://koha.lib.tpu.ru/cgi-bin/koha/opac-detail.pl?biblionumber=665230

MARC

LEADER 00000naa0a2200000 4500
001 665230
005 20250702110322.0
035 |a (RuTPU)RU\TPU\network\36429 
035 |a RU\TPU\network\36052 
090 |a 665230 
100 |a 20210906d2021 k||y0rusy50 ca 
101 0 |a rus 
102 |a RU 
135 |a drcn ---uucaa 
181 0 |a i   |b  e  
182 0 |a b 
183 0 |a cr  |2 RDAcarrier 
200 1 |a Адгезионные и механические свойства биосовместимых оксинитридных покрытий  |d Adhesive and Mechanical Properties of Biocompatible Oxynitride Coatings  |f Е. Л. Бойцова 
203 |a Текст  |c электронный  |b визуальный 
283 |a online_resource  |2 RDAcarrier 
300 |a Заглавие с экрана 
320 |a Библиогр.: 10 назв 
330 |a Исследована текстура оксинитридных (TiNxOy) биосовместимых покрытий. Проведенное профилометрическое измерение шероховатости пленки позволило отнести изучаемое биопокрытие к 7 классу шероховатости. Представлены результаты исследования адгезии методом склерометрии покрытий на основе Тi, формируемых магнетронным распылением в условиях осаждения с одновременным допированием азотом. Обнаружено, что максимальная адгезия реализуется при увеличенном содержании азота в покрытии, прочность сцепления пленки со стальной подложкой составляет 371 MПа 
330 |a The texture of oxynitride (TiNxOy) biocompatible coatings is investigated. The profilometric measurement of the roughness of the film makes it possible to attribute the studied biocoating to class 7 of roughness. The results of a sclerometric study of adhesion of Ti-based coatings formed by magnetron sputtering under conditions of simultaneous doping with nitrogen are presented. It is found that the maximum adhesion is achieved with increased nitrogen content in the coating; the strength of cohesion of the film to the steel substrate is 371 MPa 
336 |a Текстовый файл 
371 0 |a AM_Agreement 
461 1 |0 380311  |9 380311  |t Материаловедение  |l Inorganic Materials: Applied Research  |o научно-технический журнал  |x 1684-579X 
463 1 |t № 6  |v С. 3-8  |d 2021 
610 1 |a электронный ресурс 
610 1 |a труды учёных ТПУ 
610 1 |a оксинитридные пленки 
610 1 |a биопокрытия 
610 1 |a магнетронные напыления 
610 1 |a адгезия 
610 1 |a сцепление 
610 1 |a шероховатость 
610 1 |a профили 
610 1 |a адгезионные свойства 
610 1 |a механические свойства 
610 1 |a oxynitride films 
610 1 |a TiNxOy 
610 1 |a biocoating 
610 1 |a magnetron sputtering 
610 1 |a adhesion 
610 1 |a roughness 
610 1 |a profile 
700 1 |a Бойцова  |b Е. Л.  |c физик  |c доцент Томского политехнического университета, кандидат технических наук  |f 1975-  |g Елена Львовна  |3 (RuTPU)RU\TPU\pers\34868  |9 18204 
801 2 |a RU  |b 63413507  |c 20210906  |g RCR 
850 |a 63413507 
856 4 |u https://www.elibrary.ru/item.asp?id=46174826  |z https://www.elibrary.ru/item.asp?id=46174826 
856 4 |u https://doi.org/10.1134/S2075113322010087  |z Переводная версия 
942 |c CF